000 00785nam a2200241 i 4500
001 26028
003 ES-MaACL
005 20260115063025.0
007 t|
008 030107s1974 sp ||||1| spa d
100 1 _aArendt, Hannah,
_d1906-1975
_9242687
245 1 4 _aLos orígenes del totalitarismo /
_cHannah Arendt ; [versión de Guillermo Solana].
260 _a[Madrid] :
_bTaurus,
_c[1974]
300 _a618 p. ;
_c24 cm.
490 1 _aEnsayistas. Serie maior ;
_v122
650 0 7 _aTotalitarismo
_2embne
_917571
650 0 4 _aImperialismo.
_913599
650 0 4 _aAntisemitismo.
_99857
700 1 _aSolana, Guillermo,
_d1930-2004
_9107067
830 0 _aEnsayistas. Serie maior ;
_v122
_9182833
852 _aES-MaACL
_jE-6614
_bR.91175
999 _c26028
_d26028